Central Library || Chittagong University

Technology and the quality of health care.// (Record no. 112045)

MARC details
000 -LEADER
fixed length control field 00516nam a22001697a 4500
003 - CONTROL NUMBER IDENTIFIER
control field BD-ChCU
005 - DATE AND TIME OF LATEST TRANSACTION
control field 20260405120313.0
008 - FIXED-LENGTH DATA ELEMENTS--GENERAL INFORMATION
fixed length control field 260405b bg ||||| |||| 00| 0 ben d
040 ## - CATALOGING SOURCE
Transcribing agency BD-ChCU
082 ## - DEWEY DECIMAL CLASSIFICATION NUMBER
Classification number 362.10420973 TEC
245 ## - TITLE STATEMENT
Title Technology and the quality of health care.//
Statement of responsibility, etc. Richard H. Egdahl, Paul M. Gertman. ed
260 ## - PUBLICATION, DISTRIBUTION, ETC.
Place of publication, distribution, etc. Maryland
Name of publisher, distributor, etc. Aspen Systems.
Date of publication, distribution, etc. 1978
300 ## - PHYSICAL DESCRIPTION
Extent xx, 311p
650 #0 - SUBJECT ADDED ENTRY--TOPICAL TERM
Topical term or geographic name entry element Medical Care.
9 (RLIN) 21155
700 ## - ADDED ENTRY--PERSONAL NAME
Personal name Richard H. Egdahl, Paul M. Gertman. ed.
9 (RLIN) 21153
942 ## - ADDED ENTRY ELEMENTS (KOHA)
Source of classification or shelving scheme Dewey Decimal Classification
Koha item type Books
Suppress in OPAC No
Holdings
Withdrawn status Lost status Source of classification or shelving scheme Damaged status Not for loan Home library Current library Shelving location Date acquired Source of acquisition Total Checkouts Full call number Barcode Date last seen Copy number Price effective from Koha item type
    Dewey Decimal Classification     Chittagong University Library Chittagong University Library Business and Social Science Reading Room 04/05/2026 Purchase   362.10420973 TEC 109780 04/05/2026 C-1 04/05/2026 Books
    Dewey Decimal Classification     Chittagong University Library Chittagong University Library Business and Social Science Reading Room 04/05/2026 Purchase   362.10420973 TEC 109781 04/05/2026 C-2 04/05/2026 Books
    Dewey Decimal Classification     Chittagong University Library Chittagong University Library Business and Social Science Reading Room 04/05/2026 Purchase   362.10420973 TEC 109782 04/05/2026 C-3 04/05/2026 Books
    Dewey Decimal Classification     Chittagong University Library Chittagong University Library Business and Social Science Reading Room 04/05/2026 Purchase   362.10420973 TEC 109783 04/05/2026 C-4 04/05/2026 Books
© Copyright 2026. Chittagong University Library, Installation and Maintenance by Prof. Dr. Md. Alamgir, 01711306253